| 000 | 00820nam a2200241 u 4500 | ||
|---|---|---|---|
| 005 | 20230627063610.0 | ||
| 008 | 130523s2010 r 000 0 eng d | ||
| 020 | _a9788497889001 (UOC) | ||
| 020 | _a9788493787042 (ARESTA) | ||
| 035 | _aUPN01000191325 | ||
| 049 | _aCG | ||
| 050 | 4 |
_aP94.5 C5.5 _bM6.4 |
|
| 100 | 1 |
_aMoyer-Gusé, Emily _933929 |
|
| 245 | 1 | 3 |
_aEl impacto de los medios de comunicación en la infancia : _bguía para padres y educadores / _cEmily Moyer-Gusé, Karyn Riddle. |
| 260 |
_aBarcelona, Esp. : _bARESTA : _bUOC, _c2010. |
||
| 300 | _a151 p. | ||
| 440 | 0 |
_aComunicación y sociedad ; _v1 |
|
| 650 | 4 |
_aMedios masivos de comunicación y niños _94384 |
|
| 650 | 4 |
_aMEDIOS MASIVOS DE COMUNICACION Y EDUCACION _94881 |
|
| 700 | 1 |
_aRiddle, Karyn, _ecoaut. |
|
| 905 | _aLibro | ||
| 999 |
_c163428 _d163428 |
||